000 00632nam a2200229Ia 4500
005 20241129110007.0
008 241129s9999||||xx |||||||||||||| ||und||
020 _a978-1-107-67064-8
037 _aTB
040 _aARTS
_beng
_cARTS
041 _aeng
_2eng
084 _aY:3vL60 M6;Q2.2
_qARTS
100 _aMann Michael Au.
_9610609
245 0 _aSources of social power
_cMann Michael Au.
260 _aCambridge, USA
_bCambridge University Press
_c2013
300 _axx,823p.
365 _aUSD
_b29.99
490 _v V2
650 _aSociology
942 _cTB
_hY:3vL60 M6;Q2.2
999 _c1226908
_d1226908